<?xml version="1.0" encoding="UTF-8"?>
<record
    xmlns:xsi="http://www.w3.org/2001/XMLSchema-instance"
    xsi:schemaLocation="http://www.loc.gov/MARC21/slim http://www.loc.gov/standards/marcxml/schema/MARC21slim.xsd"
    xmlns="http://www.loc.gov/MARC21/slim">

  <leader>02145    a2200217   4500</leader>
  <controlfield tag="001">39947</controlfield>
  <controlfield tag="005">20260407155656.0</controlfield>
  <controlfield tag="008">260407a1985    arg                 spa d</controlfield>
  <controlfield tag="003">AR-UNSa-BCEJYS</controlfield>
  <datafield tag="040" ind1=" " ind2=" ">
    <subfield code="a">AR-UNSa-BCEJYS</subfield>
    <subfield code="b">spa</subfield>
    <subfield code="c">AR-UNSa-BCEJYS</subfield>
  </datafield>
  <datafield tag="080" ind1=" " ind2=" ">
    <subfield code="a">658.15</subfield>
    <subfield code="x">Administraci&#xF3;n financiera privada. Gesti&#xF3;n financiera de empresas
</subfield>
  </datafield>
  <datafield tag="245" ind1="1" ind2="0">
    <subfield code="a">Decisiones financieras y costo del dinero en econom&#xED;as inflacionarias</subfield>
    <subfield code="p">aplicaci&#xF3;n de las calculadoras financieras como herramienta de an&#xE1;lisis</subfield>
  </datafield>
  <datafield tag="020" ind1=" " ind2=" ">
    <subfield code="a">958-04-0005-9</subfield>
  </datafield>
  <datafield tag="264" ind1=" " ind2="1">
    <subfield code="a">Bogot&#xE1; :</subfield>
    <subfield code="b">Norma</subfield>
    <subfield code="c">1985</subfield>
  </datafield>
  <datafield tag="300" ind1=" " ind2=" ">
    <subfield code="a">xii, 344 p.</subfield>
    <subfield code="c">17 cm.</subfield>
  </datafield>
  <datafield tag="505" ind1=" " ind2=" ">
    <subfield code="a">1. Conceptos financieros preliminares - 2. Matem&#xE1;ticas financieras b&#xE1;sicas - 3. Ejemplos sobre la utilizaci&#xF3;n de las f&#xF3;rmulas de las matem&#xE1;ticas financieras - 4. Introducci&#xF3;n al uso de las calculadoras financieras - 5. Medidas del valor de la inversi&#xF3;n - 6. Valor presente versus tasa interna de rendimiento - 7. Ejemplos sobre el uso del valor presente neto y la tasa interna de rendimiento para medir la bondad de las inversiones - 8. Costo anual equivalente y su utilizaci&#xF3;n en decisiones de reemplazar o alquilar equipos - 9. Costo del dinero - 10. Limitaciones de los supuestos b&#xE1;sicos de la evaluaci&#xF3;n de proyectos - 11. Falacia de los intereses anticipadas - 12. Intereses sobre saldos anticipadas y convencionales, pagos por instalamentos; comisiones bancarias - 13. El leasing o arrendamiento financiero - 14. Ejemplos sobre el c&#xE1;lculo del costo efectivo del dinero - 15. La rentabilidad bancaria - 16. Proyecci&#xF3;n de empresas en econom&#xED;a inflacionarias - 17. Efectos negativos de la inflaci&#xF3;n en la tributaci&#xF3;n de empresas - 18. Valoraci&#xF3;n de inventarios en &#xE9;pocas de inflaci&#xF3;n - 19. Manejo correcto de la inflaci&#xF3;n  en el an&#xE1;lisis de proyectos de inversi&#xF3;n - 20. Manejo incorrecto de la inflaci&#xF3;n en el an&#xE1;lisis de proyectos de inversi&#xF3;n por parte de la banca de fomento - 21. Otra alternativa para pactar cr&#xE9;ditos de fomento - 22. Devaluaci&#xF3;n y costo de fondos</subfield>
  </datafield>
  <datafield tag="041" ind1=" " ind2=" ">
    <subfield code="a">spa</subfield>
  </datafield>
  <datafield tag="942" ind1=" " ind2=" ">
    <subfield code="c">BK</subfield>
  </datafield>
  <datafield tag="590" ind1=" " ind2=" ">
    <subfield code="a">niveau_biblio:m niveau_hierar:0</subfield>
  </datafield>
  <datafield tag="100" ind1="1" ind2=" ">
    <subfield code="a">Gutierrez Marulanda, Luis Fernando</subfield>
  </datafield>
  <datafield tag="999" ind1=" " ind2=" ">
    <subfield code="c">3162</subfield>
    <subfield code="d">3162</subfield>
  </datafield>
  <datafield tag="952" ind1=" " ind2=" ">
    <subfield code="0">0</subfield>
    <subfield code="1">0</subfield>
    <subfield code="4">0</subfield>
    <subfield code="7">0</subfield>
    <subfield code="a">BCEJYS</subfield>
    <subfield code="b">BCEJYS</subfield>
    <subfield code="c">16</subfield>
    <subfield code="d">2026-04-07</subfield>
    <subfield code="l">0</subfield>
    <subfield code="o">658.15 G983</subfield>
    <subfield code="p">L125643</subfield>
    <subfield code="r">2026-04-07 15:56:56</subfield>
    <subfield code="w">2026-04-07</subfield>
    <subfield code="y">L</subfield>
  </datafield>
</record>
